000 00510nam a2200169 i 4500
001 134722
003 ES-MaACL
005 20230906194730.0
007 t|
008 070913s1970 sp ||||1| spa d
100 1 _aWeinstein, Frank.
_9116374
245 1 0 _aPodología /
_cFrank Weinstein ; versión C. E. Torner Baduell.
260 _aBarcelona :
_bSalvat,
_c[1970]
300 _aXII, 490 p. :
_bil. ;
_c26 cm.
700 1 _aTorner Baduell, Carlos-Enrique.
_9150227
852 _aES-MaACL
_jC-37320
_bR.74846
999 _c134722
_d134722